000 00300nam a2200121Ia 4500
008 190216s9999||||xx |||||||||||||| ||und||
100 _aBahl Bs And Arun Bahl
245 0 _aText Book Of Organic Chemistry
260 _bS Chand & Co
_c1977
300 _a912p
650 _aOrganic Chemistry
942 _cBK
999 _c2516
_d2516